000 00482nam a2200193 a 4500
001 1758091731394
003 ACL
005 20250917122059.0
008 250917s2004##################000#0#eng##
020 _a9780007181322
082 0 4 _a791.45617
_bTHO
100 1 _aThompson, Ben,
_eauthor.
245 1 0 _aSunshine on Putty :
260 _bHarperCollins UK,
_c2004.
300 _a498 pages
650 0 _aBiography & Autobiography.
942 _cENGLISH
040 _aACL
_beng
_cACL
999 _c587637
_d587637